Statistics for World Religions by Symbol (Images Quiz)

Click here to take the quiz!

General Stats

  • This quiz has been taken 1,049 times
  • The average score is 6 of 8

Answer Stats

Religion% Correct
Islam
96%
Christianity
93%
Judaism
83%
Hinduism
79%
Buddhism
67%
Shintoism
63%
Taoism
58%
Sikhism
54%

Score Distribution

Percentile by Number Answered

Percent of People with Each Score

Your Score History

You have not taken this quiz